| 000 | 01560nam a2200265Ia 4500 | ||
|---|---|---|---|
| 999 |
_c50870 _d50870 |
||
| 001 | 17825 | ||
| 003 | GE_BSU | ||
| 005 | 20200226100133.0 | ||
| 008 | 181216s2015ge xx |||||||||||||| ||geo|| | ||
| 020 | _a978994193823 | ||
| 040 | _cGE_BSU | ||
| 041 | _ageo | ||
| 080 | _a94(479.22)(093) გ-97 | ||
| 100 |
_aგურული, ვ.. _93392 |
||
| 245 |
_aქლუხორი და ახალხევი (1943-1957) (Клухори и Ахалхеви) : _bდოკუმენტები და მასალები (1943-1957) / _cვ. გურული ; მ. კვარაცხელია ; რედ. ლევან ჯიქია. |
||
| 264 |
_aთბილისი : _bგამ-ბა "ქართული უნივერსიტეტი, _c2015. |
||
| 300 |
_a180 გვ.; _bილ., რუკები _c29 სმ. |
||
| 653 | _aდოკუმენტები და მასალები | ||
| 653 | _aქლუხორი და ახალხევი | ||
| 653 | _aისტორია | ||
| 700 |
_aკვარაცხელია, მ. _97443 |
||
| 700 |
_aჯიქია, ლევან _eრედაქტორი _97444 |
||
| 710 |
_aსაქართველოს საპატრიარქოს წმიდა ანდრია პირველწოდებულის სახ. ქართული უნ-ტი. ჰუმანიტარულ მეცნიერებათა და სამართლის ფაკ-ტი _97445 |
||
| 942 |
_cBK _2udc |
||